000
00185 a2200097 4500
020
_a
9780836843583
041
_a
spa
100
_a
A. Brown, Jonatha
245
_a
Anne Frank
942
_c
BK
999
_c
13915
_d
13915